000 00382nam a2200157Ia 4500
008 230312s9999||||xx |||||||||||||| ||und||
020 _a0-13-470007-4
082 _a795.0712
_bLUM-R
100 _aKen Lumsden
245 0 _aReady -to- Use
260 _bPARKER
_aNew York
_c1996
300 _a329
546 _aEng.
650 _aManagement
_vAerobics, Aquatics, Archery
942 _cBK
999 _c194
_d194